00302pam a2200121 a 4500020000500000041000500005082001300010100004400023245005000067250000800117260004300125300001200168 c h a658.8`48 aTERPSTRA (Vern)/ SARATHY (Ravi)eauthor aInternational Marketing....hTextual Document a8th bThe Dryden Press Chicago Chicagoc2000 aXXV,753